000170681 001__ 170681
000170681 005__ 20260429150229.0
000170681 037__ $$aTAZ-TFG-2026-429
000170681 041__ $$aspa
000170681 1001_ $$aFernández Pérez, María
000170681 24200 $$aEvaluation of the Army's instruction management system (SIGINST) and assessment of possible improvements for daily use in small units.
000170681 24500 $$aEvaluación del sistema de gestión de la instrucción del Ejército de Tierra (SIGINST) y valoración de posibles mejoras de uso diario en pequeñas unidades.
000170681 260__ $$aZaragoza$$bUniversidad de Zaragoza$$c2026
000170681 506__ $$aby-nc-sa$$bCreative Commons$$c3.0$$uhttp://creativecommons.org/licenses/by-nc-sa/3.0/
000170681 520__ $$aEn las pequeñas unidades (ej. Compañías) presentan problemas de limitación de conectividad que retrasan el registro de las actividades de instrucción, adiestramiento y evaluación. Esta limitación de conectividad provoca la dependencia de la red para poder cargar datos o actualizar el sistema. A ello se suma que, a pesar de los avances, los procesos de programación y registro siguen suponiendo una carga administrativa significativa. Igualmente, se observa la necesidad de mejorar la usabilidad de la herramienta y de integrar nuevas funcionalidades, como la gestión de grupos de actividades formativas, evaluaciones o guías de instrucción, que faciliten un uso más ágil y completo del sistema. <br />En este sentido, el trabajo tiene como finalidad: modernizar y facilitar la gestión de la instrucción, el adiestramiento y la evaluación (IAE) en el Ejército de Tierra a través del Sistema de Gestión de la Instrucción (SIGINST). Se pretende asegurar el registro oficial, la programación, el control y la evaluación de todas las actividades de instrucción realizadas a nivel de pequeñas unidades como compañías, contribuyendo así a un sistema más eficiente y homogéneo en su aplicación. Asimismo, se busca reducir la carga de trabajo asociada a la anotación y gestión de actividades, integrando tanto la documentación oficial como la particular de cada unidad y favoreciendo la implantación definitiva del sistema SIAE mediante la normalización de criterios de evaluación. <br />Un aspecto complementario será la formación de gestores y usuarios, de modo que puedan emplear y difundir eficazmente el SIGINST en sus respectivos ámbitos.<br /><br />
000170681 521__ $$aIngeniero Industrial
000170681 540__ $$aDerechos regulados por licencia Creative Commons
000170681 691__ $$a0
000170681 692__ $$a
000170681 700__ $$aLópez Galán, Belinda$$edir.
000170681 7102_ $$aUniversidad de Zaragoza$$b $$c
000170681 8560_ $$f861587@celes.unizar.es
000170681 8564_ $$s13981695$$uhttps://zaguan.unizar.es/record/170681/files/TAZ-TFG-2026-429.pdf$$yMemoria (spa)
000170681 909CO $$ooai:zaguan.unizar.es:170681$$pdriver$$ptfg-tfm-cud$$ptrabajos-fin-grado
000170681 950__ $$a
000170681 951__ $$adeposita:2026-04-29
000170681 980__ $$aTAZ$$bTFG$$cCUD
000170681 999__ $$a20260319205619.CREATION_DATE